=LDR 00000nam 2200000 4500 =001 INLIS000000000019450 =005 20230412094034 =035 ##$$a 0010-061300000019450 =008 230412################g##########0#ind## =041 ##$$a Ind =082 ##$$a 658.5 =090 ##$$a 658.5, Ibr s =100 ##$$a Ibrahim, Yacob M =245 1#$$a Studi kelayakan bisnis /$c H.M Yacob Ibrahim =260 ##$$a jakarta :$b Rieneka Cipta,$c 2003 =300 ##$$a xi, 249 hlm, 24 cm : $b illus, =650 #4$$a Bisnis-penelitian dan Pengembangan =850 ##$$a NBPNMAT =020 ##$$a 979-518-748-1 =084 ##$$a 658.5 IBR s =250 ##$$a Ed. Revisi =990 ##$$a 206096993 =990 ##$$a 20609692 =990 ##$$a 1200300789 =990 ##$$a 10606184 =990 ##$$a 206096993 =990 ##$$a 20609692 =990 ##$$a 10606184 =990 ##$$a 206096993 =990 ##$$a 20609692 =990 ##$$a 10606184 =990 ##$$a 206096993 =990 ##$$a 20609692